<?xml version="1.0" encoding="UTF-8"?>
<collection xmlns:xsi="http://www.w3.org/2001/XMLSchema-instance" xsi:schemaLocation="http://www.loc.gov/MARC21/slim http://www.loc.gov/standards/marcxml/schema/MARC21slim.xsd" xmlns="http://www.loc.gov/MARC21/slim">
 <record>
  <leader>00000cam a22000004i 4500</leader>
  <controlfield tag="001">UP-1685594773861846234</controlfield>
  <controlfield tag="003">Buklod</controlfield>
  <controlfield tag="005">20110926142338.0</controlfield>
  <controlfield tag="006">g||| |     ||   ||</controlfield>
  <controlfield tag="007">ta</controlfield>
  <controlfield tag="008">150519s2010    enk    br    |||| u|eng d</controlfield>
  <datafield tag="020" ind1=" " ind2=" ">
   <subfield code="a">9780230576278 (pbk.)</subfield>
  </datafield>
  <datafield tag="035" ind1=" " ind2=" ">
   <subfield code="a">(iLib)UPBAG-00008943950</subfield>
  </datafield>
  <datafield tag="037" ind1=" " ind2=" ">
   <subfield code="a">BC-61063</subfield>
   <subfield code="c">Php2,899.00</subfield>
  </datafield>
  <datafield tag="040" ind1=" " ind2=" ">
   <subfield code="a">DLC</subfield>
   <subfield code="d">BAG</subfield>
   <subfield code="e">rda</subfield>
  </datafield>
  <datafield tag="041" ind1="0" ind2=" ">
   <subfield code="a">eng</subfield>
  </datafield>
  <datafield tag="090" ind1=" " ind2="0">
   <subfield code="a">JA 71</subfield>
   <subfield code="b">T497 2010</subfield>
  </datafield>
  <datafield tag="245" ind1="0" ind2="0">
   <subfield code="a">Theory and methods in political science</subfield>
   <subfield code="c">edited by David Marsh and Gerry Stoker.</subfield>
  </datafield>
  <datafield tag="250" ind1=" " ind2=" ">
   <subfield code="a">Third edition.</subfield>
  </datafield>
  <datafield tag="264" ind1=" " ind2="1">
   <subfield code="a">Hampshire, Eng.</subfield>
   <subfield code="b">Palgrave Macmillan</subfield>
   <subfield code="c">2010.</subfield>
  </datafield>
  <datafield tag="300" ind1=" " ind2=" ">
   <subfield code="a">xv, 392 pages</subfield>
   <subfield code="c">24 cm</subfield>
  </datafield>
  <datafield tag="490" ind1="0" ind2=" ">
   <subfield code="a">Political analysis</subfield>
  </datafield>
  <datafield tag="504" ind1=" " ind2=" ">
   <subfield code="a">Includes bibliographical references (pages 343-383) and index.</subfield>
  </datafield>
  <datafield tag="505" ind1="0" ind2=" ">
   <subfield code="a">Behavioral analysis/ David Sanders -- Rational choice/ Andrew Hindmoor -- The Institutional approach? Vivien Lowndes -- Constructivism and interpretive theory/ Craig Parsons -- Political psychology/ Paul't Hart -- Feminism/ Vicky Randall -- Marxism/ Diarmud Maguire -- Normative theory/ Steve Buckler -- A skin not a sweater: ontology and epistemology in political science/ Paul Furlong and David Mrash -- Meta - theoretical issues/ David Marsh -- The challenge of research design/ Bob Hancke -- Debating methods: rediscovering qualitative approaches/ Ariadne Vromen -- Quantitative methods/ Peter John -- The comparative method/ Jonathan Hopkin -- The experimental method: prospect for laboratory and field studies/ Helen Margetts and Gerry Stoker -- The relevance of political science/ Guy Peters, Jon Pierre and Gerry Stoker.</subfield>
  </datafield>
  <datafield tag="650" ind1=" " ind2="0">
   <subfield code="a">Political science.</subfield>
  </datafield>
  <datafield tag="650" ind1=" " ind2="0">
   <subfield code="a">Political science</subfield>
   <subfield code="x">Methodology.</subfield>
  </datafield>
  <datafield tag="700" ind1="1" ind2=" ">
   <subfield code="a">Marsh, David</subfield>
   <subfield code="d">1946-</subfield>
   <subfield code="e">editor.</subfield>
  </datafield>
  <datafield tag="700" ind1="1" ind2=" ">
   <subfield code="a">Stoker, Gerry</subfield>
   <subfield code="e">editor.</subfield>
  </datafield>
  <datafield tag="852" ind1="0" ind2=" ">
   <subfield code="a">UPBAG</subfield>
   <subfield code="b">UPBAG-MAIN</subfield>
   <subfield code="h">JA 71 T497 2010</subfield>
  </datafield>
  <datafield tag="942" ind1=" " ind2=" ">
   <subfield code="a">Book</subfield>
  </datafield>
 </record>
</collection>
